Statistiques concernant Litiges territoriaux incluant la France

Cliquez ici pour prendre le quiz!

Statistiques générales

  • Ce quiz a été pris 105 fois
  • Le résultat moyen est 8 sur 23

Statistiques - réponses

PaysPays puis Territoire contestés% Correct
CoMdComores / Madagascar
75%
IItalie
75%
PbPays-Bas
70%
CoComores
62%
CoMayotte
61%
CaCanada
60%
PbSaint-Martin
55%
CaÎle Verte
51%
MdMadagascar
51%
SSuriname
49%
MtMaurice
44%
IMassif du Mont Blanc
37%
VVanuatu
29%
MtÎle Tromelin
18%
MdÎle Europa
11%
MdBassas da India
8%
MdÎle Juan de Nova
8%
CoMdÎles Glorieuses
8%
CoMdBanc du Geyser
1%
VÎle Hunter
1%
STriangle d'Alitani-Marwini
1%
VÎle Matthew
0%
VÎle Walpole
0%

Distribution des résultats

Percentile par nombre de réponses

% des personnes avec chaque résultat

Votre développement - résultats

Vous n’avez pas pris ce quiz